<?xml version="1.0" encoding="UTF-8"?>
<collection xmlns:xsi="http://www.w3.org/2001/XMLSchema-instance" xsi:schemaLocation="http://www.loc.gov/MARC21/slim http://www.loc.gov/standards/marcxml/schema/MARC21slim.xsd" xmlns="http://www.loc.gov/MARC21/slim">
 <record>
  <leader>00000cam a22000004i 4500</leader>
  <controlfield tag="001">UP-99796217612956275</controlfield>
  <controlfield tag="003">Buklod</controlfield>
  <controlfield tag="005">20190211173001.0</controlfield>
  <controlfield tag="006">m     q  i        </controlfield>
  <controlfield tag="007">ta</controlfield>
  <controlfield tag="008">190211s2018    xx     d     r    |||| u|</controlfield>
  <datafield tag="020" ind1=" " ind2=" ">
   <subfield code="a">9784863372597</subfield>
  </datafield>
  <datafield tag="035" ind1=" " ind2=" ">
   <subfield code="a">(iLib)UPD-00397767550</subfield>
  </datafield>
  <datafield tag="040" ind1=" " ind2=" ">
   <subfield code="a">EQO</subfield>
   <subfield code="d">DAC</subfield>
   <subfield code="e">rda</subfield>
  </datafield>
  <datafield tag="041" ind1=" " ind2=" ">
   <subfield code="a">eng</subfield>
  </datafield>
  <datafield tag="042" ind1=" " ind2=" ">
   <subfield code="a">DMLUC</subfield>
  </datafield>
  <datafield tag="090" ind1=" " ind2=" ">
   <subfield code="a">BP 63 A38</subfield>
   <subfield code="b">I75 2018</subfield>
  </datafield>
  <datafield tag="245" ind1="0" ind2="0">
   <subfield code="a">Islam and cultural diversity in Southeast Asia.</subfield>
   <subfield code="n">Vol. 2</subfield>
   <subfield code="p">Perspectives from Indonesia, Malaysia, the Philippines, Thailand and Cambodia</subfield>
   <subfield code="c">edited by Ikuya Tokoro &amp; Hisao Tomizawa.</subfield>
  </datafield>
  <datafield tag="264" ind1=" " ind2="1">
   <subfield code="a">Tokyo, Japan</subfield>
   <subfield code="b">Research Institute for Languages and Cultures of Asia and Africa (ILCAA), Tokyo University of Foreign Studies</subfield>
   <subfield code="c">2018.</subfield>
  </datafield>
  <datafield tag="300" ind1=" " ind2=" ">
   <subfield code="a">341 pages</subfield>
   <subfield code="b">illustrations</subfield>
   <subfield code="c">26 cm.</subfield>
  </datafield>
  <datafield tag="336" ind1=" " ind2=" ">
   <subfield code="a">text</subfield>
   <subfield code="2">rdacontent</subfield>
  </datafield>
  <datafield tag="337" ind1=" " ind2=" ">
   <subfield code="a">unmediated</subfield>
   <subfield code="2">rdamedia</subfield>
  </datafield>
  <datafield tag="338" ind1=" " ind2=" ">
   <subfield code="a">volume</subfield>
   <subfield code="2">rdacarrier</subfield>
  </datafield>
  <datafield tag="500" ind1=" " ind2=" ">
   <subfield code="a">&quot;Published on March 19, 2018&quot;--Title page verso.</subfield>
  </datafield>
  <datafield tag="504" ind1=" " ind2=" ">
   <subfield code="a">Includes bibliographical references.</subfield>
  </datafield>
  <datafield tag="505" ind1="0" ind2=" ">
   <subfield code="a">Islam and cultural diversity in Southeast Asia (Vol.2): perspectives from Indonesia, Malaysia, the Philippines, Thailand, and Cambodia/ Ikuya Tokoro and Hisao Tomizawa -- Islam and the National History of Indonesia/ Yumi Sugahara -- The 33rd Nahdlatul Ulama Congress: Ulama-ness and the Rais Aam/ Yasuko Kobayashi -- Increasing interest in Islamic clothes and &quot;correctness&quot; in Indonesia/ Momo Shioya -- Balinese dances in multi-religious Jakarta: a preliminary study of Muslim learners and Hindu instructors/ Yukako Yoshida -- Islam and cultural diversity in Malaysia as a mirror for Southeast Asia/ Shamsul A.B. -- The transformation of Pan-Malayism in Post-war Malay(si)a/ Naoki Soda -- An alternative vision of Malayan decononisation from the perspective of Muslim intellectuals in Singapore/ Yuji Tsuboi -- Formation of independent education system in Sabah/ Nao Kaneko -- The role of Gong ensemble music in shaping ritual in Sabah: a comparison between Dusunic and Sama-Bajau cultures/ Jacqueline Pugh-kitingan -- Mindanao's agricultural colony project and Muslim integration in the colonial Philippines, 1913-1920/ Nobutaka Suzuki -- The Mindanao conflict and peace process from the Aquino to the Duterte Presidency: a perspective from the Sulu Moro community/ Ikuya Tokoro -- How Songkhla's Samrong Bridge Inscriptions show the diversity of Southern Thailand society/ Keiko Kuroda -- The Da'wa movement and the diversity of Muslim communities in Thailand/ Ryoko Nishi -- From refusal to acceptance: dynamics between Muslims and Christians in Southern Thailand through NGO aid activities/ Hisashi Ogawa -- Muslims in the Lower Mekong: ideas and practices of cleanliness/ Omar Farouk.</subfield>
  </datafield>
  <datafield tag="650" ind1=" " ind2="0">
   <subfield code="a">Islam</subfield>
   <subfield code="z">Southeast Asia.</subfield>
  </datafield>
  <datafield tag="650" ind1=" " ind2="0">
   <subfield code="a">Cultural pluralism</subfield>
   <subfield code="z">Southeast Asia.</subfield>
  </datafield>
  <datafield tag="650" ind1=" " ind2="0">
   <subfield code="a">Cultural pluralism</subfield>
   <subfield code="x">Religious aspects</subfield>
   <subfield code="x">Islam.</subfield>
  </datafield>
  <datafield tag="651" ind1=" " ind2="0">
   <subfield code="a">Southeast Asia</subfield>
   <subfield code="x">Civilization</subfield>
   <subfield code="x">Islamic influences.</subfield>
  </datafield>
  <datafield tag="651" ind1=" " ind2="0">
   <subfield code="a">Southeast Asia</subfield>
   <subfield code="x">Social life and customs.</subfield>
  </datafield>
  <datafield tag="905" ind1=" " ind2=" ">
   <subfield code="a">FO</subfield>
  </datafield>
  <datafield tag="852" ind1="0" ind2=" ">
   <subfield code="a">UPD</subfield>
   <subfield code="b">DAC</subfield>
   <subfield code="h">BP 63 A38</subfield>
   <subfield code="i">I75 2018</subfield>
  </datafield>
  <datafield tag="942" ind1=" " ind2=" ">
   <subfield code="a">Book</subfield>
  </datafield>
 </record>
</collection>
